Warszawa - quiz wielokrotnego wyboru - Statystyki

Ogólne statystyki
  • Ten quiz został rozwiązany 1 912 razy
    1 882 od ostatniego zresetowania
  • Średni wynik to 9 z 10
Statystyki odpowiedzi
Zagadnienie Odpowiedź % Poprawnych
Po kim jest nazwane głowne lotnisko? Fryderyk Chopin
98%
Która z tych rzek płynie przez Warszawę? Wisła
98%
Jaki jest najbardziej utytułowany klub piłkarski z Warszawy? Legia
96%
Jaki był najwyższy budynek do 2014 roku, i nadal jest najbardziej znanym budynkiem miasta? Pałac Kultury i Nauki
96%
Poza Polską, z jakiego kraju pochodzi najwięcej mieszkańców Warszawy? Z Ukrainy
95%
Kto wylądował na warszawskim lotnisku w 1979, pocałował ziemię i możliwe że rozpoczął koniec komunizmu w Polsce? Jan Paweł II
93%
W którym roku miało miejsce Powstanie Warszawskie? 1944
92%
Ile linii metra posiada miasto? 2
90%
Akcja którego z tych filmów odbywa się w Warszawie? Pianista
81%
Czym był Układ Warszawski? Radziecką wersją NATO
72%
Nie znaleziono quizów pasujących do podanych kryteriów
Rozkład punktacji
Procent ludzi z każdym wynikiem
Percentyl według liczby udzielonych odpowiedzi
Twoja historia wyników
Nie rozwiązałeś tego quizu od ostatniego zresetowania